Manažérske účtovníctvo

Zmeny v podnikateľskom prostredí a ich vplyv na správanie firiem. Rozvíjanie modelu hodnotenia strategickej pozície firmy nazývaný balanced scorecard, ktorý zahŕňa informácie o výsledkoch v štyroch základných oblastiach, ktoré sú predpokladom dosiahnutia dlhodobej prosperity podniku: hodnotovej, zák...

Full description

Saved in:
Bibliographic Details
Main Author: Šoljaková, Libuše
Format: Book Chapter
Language:Slovak
Subjects:
Tags: Add Tag
No Tags, Be the first to tag this record!

MARC

LEADER 00000naa a2200000 4500
001 r040274
005 20231002072942.8
041 0 |a slo 
044 |a SK 
245 1 0 |a Manažérske účtovníctvo  |c Libuše Šoljaková 
520 |a Zmeny v podnikateľskom prostredí a ich vplyv na správanie firiem. Rozvíjanie modelu hodnotenia strategickej pozície firmy nazývaný balanced scorecard, ktorý zahŕňa informácie o výsledkoch v štyroch základných oblastiach, ktoré sú predpokladom dosiahnutia dlhodobej prosperity podniku: hodnotovej, zákazníckej, vnútorných podnikových procesov a zamestnaneckej. Hodnotová oblasť. Postup stanovenia kalkulácie cieľových nákladov. Zákaznícka oblasť. Oblasť vnútorných procesov. Praktické problémy pri aplikácii just in time. Zamestnanecká oblasť. 
610 2 0 |a účtovníctvo manažérske 
610 2 0 |a metóda BSC 
610 2 0 |a riadenie strategické 
610 2 0 |a prostredie podnikateľské 
610 2 0 |a správanie cieľové 
610 2 0 |a ukazovatele hodnotové 
610 2 0 |a náklady 
610 2 0 |a kalkulácia nákladov 
610 2 0 |a cyklus výrobku životný 
610 2 0 |a zákazníci 
610 2 0 |a analýzy 
610 2 0 |a JIT 
100 1 |a Šoljaková, Libuše